000 00385nam a2200157Ia 4500
008 220530s9999 xx 000 0 und d
020 _a81-219-0520-9
041 _aeng
082 _a510
_bDAS
100 _aDass, H. K.
_954001
245 _aEngineering Mathematics
250 _a1st.
260 _aNew Delhi
_bS. Chand
_c2009
300 _aXXV, 1062 P.
_bPB
906 _a106.25
_bALIED
999 _c49453
_d49453